Notes in Botany 2,
Contains laboratory book and volume of lecture notes.
Saved in:
| Main Author: | |
|---|---|
| Format: | Book |
| Language: | English |
| Published: |
2 v. ;
22 - 26 cm.
|
| Subjects: | |
| Tags: |
Add Tag
No Tags, Be the first to tag this record!
|
| LEADER | 00626nam a22002055a 4500 | ||
|---|---|---|---|
| 001 | 009779800-2 | ||
| 005 | 20051018140754.0 | ||
| 008 | 051018i18901891mau |||||||eng|d | ||
| 035 | 0 | |a ocm77073653 | |
| 100 | 1 | |a Gledhill, Harry Robert. | |
| 245 | 1 | 0 | |a Notes in Botany 2, |f 1890-1891. |
| 260 | |a 2 v. ; |c 22 - 26 cm. | ||
| 500 | |a Manuscript. | ||
| 520 | |a Contains laboratory book and volume of lecture notes. | ||
| 545 | |a Gledhill graduated from Harvard in 1891. | ||
| 610 | 2 | 0 | |a Harvard University |x Curricula. |
| 655 | 7 | |a Harvard students' notes. |2 local | |
| 693 | 2 | 9 | |a Harvard University |x Botany. |5 hua |
| 988 | |a 20051018 | ||
| 906 | |0 MH | ||


